000 00329nmm a2200145 a 4500
003 AR-BaBNM
005 20251128203107.0
008 063119s1954 ||||||||||||||000 | spa||
040 _cAR-BaBNM
100 1 _aFast, Howard
245 1 0 _aMis gloriosos hermanos
260 _a[S.l.]
_bAcervo
_c1954
942 _cBK
998 _cBertuna
999 _c1853
_d1853